header

From domestic manufacture to Industrial Revolution (Record no. 18747)

MARC details
000 -LEADER
fixed length control field 01517nam a2200325Ia 4500
082 04 - DEWEY DECIMAL CLASSIFICATION NUMBER
Classification number 338.4/7677/0094355
100 1# - MAIN ENTRY--AUTHOR NAME
Personal name Kisch, Herbert,
245 10 - TITLE STATEMENT
Title From domestic manufacture to Industrial Revolution
260 ## - PUBLICATION, DISTRIBUTION, ETC. (IMPRINT)
Place of publication New York :
Name of publisher Oxford University Press,
Year of publication 1989.
300 ## - PHYSICAL DESCRIPTION
Number of Pages x, 341 p.
500 ## - GENERAL NOTE
General note First published in 1981 as a German translation under title: Die hausindustriellen Textilgewerbe am Niederrhein vor der industriellen Revolution.
650 #0 - SUBJECT ADDED ENTRY--TOPICAL TERM
Topical Term Cottage industries
Topical Term Textile industry
856 40 - ELECTRONIC LOCATION AND ACCESS
Uniform Resource Identifier http://site.ebrary.com/lib/rucke/Doc?id=10279280

No items available.

© 2026 Rongo University
Contact us: librarian | system librarian | Rongo university